LEADER 01271nam a2200301 i 4500 001 000000177244 003 CaOOAMICUS 005 20221207124106.0 008 090126s1970 it u000 u ita u 040 $aSeMil$bita 245 10$aFrancesco Chiesa :$bvta e opere (1871-1971) 250 $aEd. speciale di mille copie numerate da 1 a 1000 riservate al Banco di Roma per la Svizzera. 260 $aChiasso :$bElvetica,$c1970. 300 $a437 p. ;$c19 cm. 490 0 $aCentenari ;$vVolume1. 500 $aContiene prose e poesie scelte da Guido Calgari 541 0 $aFondo card. Giovanni Colombo (1O I 309) 600 14$aChiesa, Francesco <1871-1973>.$0(OLS)http://semarc/subject/15527 700 1 $aChiesa, Francesco,$d<1871-1973>.$0(OLS)http://semarc/name/116900 700 1 $aCalgari, Guido.$0(OLS)http://semarc/name/15500 830 0$aCentenari ;$vVolume1.$0(OLS)http://semarc/title/25631 850 $aSeMil 852 $aSeMil$W1$xVenegono$y1$m1O I 309$j235791$B128055$CSeMilBibl$Z2$F139755 $81 941 1 $a3 961 $aLascito: Colombo Card. Giovanni 996 $6245$aFrancesco Chiesa :$bvta e opere (1871-1971)$9(OLS)http://semarc/title/254539 996 $6260$aChiasso :$bElvetica$9(OLS)http://semarc/publisher/35127 LEADER 01462nam a2200241 i 4500 001 000000241313 003 CaOOAMICUS 005 20150428000000.0 008 150428s1793 it u000 u ita u 013 $a220218 026 $ai-e, a-ol iun- core (3) 1793 (Q) 040 $aSeMil$bita 245 10$aOmelia dall'illustrissimo e reverendissimo monsignore fr. Adeadato Turchi ... recitata al suo popolo nel giorno di Tutti i Santi dell'anno 1793. Sopra l'eguaglianza evangelica. 260 $aParma :$bDalla Stamperia Reale,$c1793. 300 $a40 p. ;$c4°. 500 $aData di stampa presunta, 1793, nel tit. - Stemma del Turchi a c. a2r. - Segn. : a20. 700 1 $aTurchi, Adeodato .$0(OLS)http://semarc/name/5422 710 2 $aStamperia reale$b.$0(OLS)http://semarc/name/3029 773 0 $aTurchi, Adeodato $t[Omelie, lettere pastorali, indulti, ecc. di monsignor Fr. Adeodato Turchi ...].$dParma : Dalla Stamperia vescovile di Marco Rossi, e Andrea Ubaldi, 1789.$w()11210 850 $aSeMil 852 $aSeMil$W1$xVenegono$y1$m3F VI 3/3 FA$j191659$B191659$CSeMilBibl$Z2$F202464 $8I 996 $6245$aOmelia dall'illustrissimo e reverendissimo monsignore fr. Adeadato Turchi ... recitata al suo popolo nel giorno di Tutti i Santi dell'anno 1793. Sopra l'eguaglianza evangelica$9(OLS)http://semarc/title/343007 996 $6260$aParma :$bDalla Stamperia Reale$9(OLS)http://semarc/publisher/31459